<?xml version="1.0" encoding="UTF-8"?>
<collection xmlns="http://www.loc.gov/MARC21/slim">
 <record>
  <leader>01170pmm a22003738a 4500</leader>
  <controlfield tag="001">00033886</controlfield>
  <controlfield tag="005">20171026081025.0</controlfield>
  <controlfield tag="008">160217s2011                  ||||||Engsd</controlfield>
  <datafield tag="041" ind1="0" ind2="#">
   <subfield code="a">Eng</subfield>
  </datafield>
  <datafield tag="082" ind1="1" ind2="4">
   <subfield code="b">E200S</subfield>
   <subfield code="a">428</subfield>
  </datafield>
  <datafield tag="100" ind1="1" ind2="#">
   <subfield code="a">Young, Sook Sohn</subfield>
  </datafield>
  <datafield tag="245" ind1="1" ind2="0">
   <subfield code="a">Easy TOEIC</subfield>
   <subfield code="c">Young Sook Sohn, Brian J. Stuart</subfield>
   <subfield code="h">nguồn liệu điện tử]</subfield>
  </datafield>
  <datafield tag="260" ind1="#" ind2="#">
   <subfield code="a">T.P. Hồ Chí Minh</subfield>
   <subfield code="b">Tổng hợp T.P. Hồ Chí Minh, công ty TNHH Nhân Trí Việt</subfield>
   <subfield code="c">2011</subfield>
  </datafield>
  <datafield tag="300" ind1="#" ind2="#">
   <subfield code="a">1 CD</subfield>
   <subfield code="c">43/4 in.</subfield>
   <subfield code="e">sách</subfield>
  </datafield>
  <datafield tag="490" ind1="#" ind2="#">
   <subfield code="a">DarakwonTOEFL</subfield>
  </datafield>
  <datafield tag="500" ind1="#" ind2="#">
   <subfield code="a">Copyright by Darawon, Inc, 2011</subfield>
  </datafield>
  <datafield tag="653" ind1="#" ind2="#">
   <subfield code="a">Bài kiểm tra</subfield>
  </datafield>
  <datafield tag="653" ind1="#" ind2="#">
   <subfield code="a">Kỹ năng viết</subfield>
  </datafield>
  <datafield tag="653" ind1="#" ind2="#">
   <subfield code="a">Đĩa CD</subfield>
  </datafield>
  <datafield tag="653" ind1="#" ind2="#">
   <subfield code="a">Tiếng Anh</subfield>
  </datafield>
  <datafield tag="653" ind1="#" ind2="#">
   <subfield code="a">TOEIC</subfield>
  </datafield>
  <datafield tag="653" ind1="#" ind2="#">
   <subfield code="a">Ngôn ngữ</subfield>
  </datafield>
  <datafield tag="700" ind1="1" ind2="#">
   <subfield code="a">Stuart, Brian J.</subfield>
   <subfield code="e">Author</subfield>
  </datafield>
  <datafield tag="852" ind1="#" ind2="#">
   <subfield code="j">DPT.0003746</subfield>
   <subfield code="j">DPT.0003540</subfield>
   <subfield code="j">DPT.0003541</subfield>
   <subfield code="j">DPT.0003539</subfield>
  </datafield>
  <datafield tag="852" ind1="#" ind2="#">
   <subfield code="b">Kho đa phương tiện</subfield>
   <subfield code="j">DPT.0003539, DPT.0003540, DPT.0003541, DPT.0003746</subfield>
  </datafield>
  <datafield tag="910" ind1="0" ind2="#">
   <subfield code="d">17/02/2016</subfield>
  </datafield>
  <datafield tag="980" ind1="#" ind2="#">
   <subfield code="a">Trung tâm Học liệu Lê Vũ Hùng, Trường Đại học Đồng Tháp</subfield>
  </datafield>
 </record>
</collection>
